Statystyki dla Rozpoznaj piłkarza po transferach(trudne)#2

Kliknij tutaj aby rozwiązać quiz!

Ogólne statystyki

  • Ten quiz został rozwiązany 35 razy
  • Średni wynik to 5 z 12

Statystyki odpowiedzi

TransferyPIłkarz% Poprawnych
SV Ostermünchen->TSV 1860 München->Borussia Dortmund->Benfica LizbonaJulian Weigl
65%
Sevilla->FC Barcelona B->Sevilla->Liverpool->Malaga->Liverpool->Deportivo de La Coruña->Liverpool>LazioLuis Alberto
62%
Bröndby IF->IF Fredrikstad->Bröndby IF->Benfica Lizbona->Évian->Benfica Lizbona->Évian->Celta de Vigo->ValenciaDaniel Wass
59%
Thalhofen->Memmingen->TSG Thannhause->TSV 1860 München->TSG 1899 Hoffenheim->TSV 1860 München->TSG 1899 Hoffenheim->Bayer 04 Leverkusen->AS MonacoKevin Volland
53%
RC Lens->Sevilla->AS Monaco->Inter Mediolan->Valencia->Inter Mediolan->Valencia->Atlético MadrytGeoffrey Kondogbia
47%
Junior FC->Deportivo Cali->Udinese Calcio->Granada CF->Udinese Calcio->Lecce->Udinese Calcio->Sampdoria->Udinese Calcio->UC Sampdoria->Sevilla->Fiorentina->Sevilla->Atalanta BergamoLuis Muriel
41%
AJ Auxerre->Chelsea->Vitesse Arnhem->Chelsea->Ajax Amsterdam->Chelsea->Olympique Lyon->Aston VillaBertrand Traore
29%
Eintracht Frankfurt->Gaziantepspor->Besiktas JK->Everton->Crystal Palace->Everton->Besiktas JKCenk Tosun
29%
Racing Santander->Real Madryt->Valencia->Real Madryt->Valencia->Real Sociedad->Real BetisSergio Canales
26%
GFC Ajaccio->Montpellier HSC-> AC Arles->Montpellier HSC->Newcastle United->Olympique Marseille->Newcastle United->Olympique Marseille->AS Saint-Étienne->Olympique Marseille->AS Saint-Étienne->FK KrasnodarRemy Cabella
21%
Radcliffe->Rochdale->Radcliffe->Rochdale->West Bromwich Albion->Rochdale->West Bromwich Albion->Bolton Wanderers->West Bromwich Albion->Watford->West Ham UnitedCraig Dawson
15%
Club Nacional->Liverpool->Club Nacional->Liverpool->AFC Sunderland->Liverpool-> Sunderland->Sporting CP->AFC Sunderland->Sporting CPSebastián Coates
12%

Rozkład punktacji

Percentyl według liczby udzielonych odpowiedzi

Procent ludzi z każdym wynikiem

Twoja historia wyników

Nie rozwiązałeś tego quizu